000 00561nam a22001337a 4500
999 _c80284
_d80284
008 201130b ||||| |||| 00| 0 eng d
040 _bger
_cSTAFF
_erda
_aSTAFF
245 _aNeuer Ärger um Ticket für Studenten:
_bNahverkehr: Studierende sollen höheren Preisen zustimmen, obwohl die Politik diese vermeiden will./
_cds
773 _dFrankfurt (Oder): Märkisches Verlags- und Druckhaus GmbH & Co KG
_g31. Jahrgang (2020) Nr. 283 vom 04.12.2020, S. 9
_tMärkische Oderzeitung
942 _cA